Финансовая математика: учебное пособие для вузов

Opis bibliograficzny
Kolejni autorzy: Ширшов Е. В. Евгений Васильевич, Петрик Н. И. Надежда Ивановна, Тутыгин А. Г. Андрей Геннадьевич, Меньшикова Т. В. Татьяна Викторовна
Streszczenie:Систематизированы методы количественного финансового анализа. Приведены различные методы и способы разнообразных финансовых и кредитных расчетов. Подробно рассмотрены методы начисления процентов, обобщающие характеристики рентных платежей, методики определения эффективности краткосрочных и долгосрочных финансовых вложений. Для студентов, аспирантов и преподавателей экономических вузов, обучающихся по специальностям «Менеджмент», «Бухучет и аудит», «Финансы и кредит», «Экономика и управление в отраслях лесного комплекса» всех форм обучения.
Język:rosyjski
Wydane: Москва, КноРус, 2010
Wydanie:5-е изд., перераб. и доп.
Hasła przedmiotowe:
Format: MixedMaterials Książka
KOHA link:https://koha.lib.tpu.ru/cgi-bin/koha/opac-detail.pl?biblionumber=193508

MARC

LEADER 00000nam0a2200000 4500
001 193508
005 20231101224507.0
010 |a 9785406008232 
035 |a (RuTPU)RU\TPU\book\211051 
090 |a 193508 
100 |a 20110324d2010 m y0rusy50 ca 
101 0 |a rus 
102 |a RU 
105 |a y j 001zy 
200 1 |a Финансовая математика  |e учебное пособие для вузов  |f Е. В. Ширшов [и др.] 
205 |a 5-е изд., перераб. и доп. 
210 |a Москва  |c КноРус  |d 2010 
215 |a 144 с. 
320 |a Библиогр.: с. 138. 
330 |a Систематизированы методы количественного финансового анализа. Приведены различные методы и способы разнообразных финансовых и кредитных расчетов. Подробно рассмотрены методы начисления процентов, обобщающие характеристики рентных платежей, методики определения эффективности краткосрочных и долгосрочных финансовых вложений. Для студентов, аспирантов и преподавателей экономических вузов, обучающихся по специальностям «Менеджмент», «Бухучет и аудит», «Финансы и кредит», «Экономика и управление в отраслях лесного комплекса» всех форм обучения. 
606 1 |a Финансовая математика  |2 stltpush  |3 (RuTPU)RU\TPU\subj\37200  |9 58306 
610 1 |a финансы 
610 1 |a финансовые вычисления 
610 1 |a проценты 
610 1 |a процентные ставки 
610 1 |a сложные проценты 
610 1 |a налоги 
610 1 |a финансовый анализ 
610 1 |a ипотечные ссуды 
610 1 |a потребительский кредит 
610 1 |a ценные бумаги 
610 1 |a тесты 
610 1 |a формулы 
610 1 |a учебные пособия 
686 |a У9(2)262.3я73  |v LBC/SL-A  |2 rubbk 
701 1 |a Ширшов  |b Е. В.  |g Евгений Васильевич 
701 1 |a Петрик  |b Н. И.  |g Надежда Ивановна 
701 1 |a Тутыгин  |b А. Г.  |g Андрей Геннадьевич 
701 1 |a Меньшикова  |b Т. В.  |g Татьяна Викторовна 
801 1 |a RU  |b 63413507  |c 20110324 
801 2 |a RU  |b 63413507  |c 20130312  |g RCR 
900 |a Финансовая математика 
942 |c BK 
951 |b 080200  |b 080100  |b 080300 
959 |a 32/20110323  |d 1  |e 80,00  |f ЧЗТЛ:1